[Event "Russian Championship B19 2016"]
[Site "Loo"]
[Date "2016.04.26"]
[Round "7.9"]
[White "Konaplev, Anton"]
[Black "Shilyaev, Fedor"]
[Result "0-1"]
[WhiteElo "2165"]
[BlackElo "2203"]
[PlyCount "116"]
[EventDate "2016.04.20"]

1. d4 Nf6 2. c4 g6 3. Nc3 Bg7 4. e4 d6 5. Be2 O-O 6. Bg5 Nc6 7. Nf3 e5 8. dxe5
dxe5 9. Qxd8 Rxd8 10. Nd5 Rd6 11. Bxf6 Bxf6 12. Rd1 Bg4 13. Nxf6+ Rxf6 14. Nxe5
Bxe2 15. Kxe2 Re6 16. Ng4 Rxe4+ 17. Ne3 Rae8 18. Rd7 Rxc4 19. Kf3 Nb8 20. Rd2
Rc6 21. Rhd1 Na6 22. Rd4 Nc5 23. Rb4 Kg7 24. Rc4 a5 25. Ke2 b6 26. Rdc1 Rd6 27.
Rd1 Rxd1 28. Kxd1 Rd8+ 29. Ke2 Ne6 30. Nc2 Rd5 31. Ne3 Rd7 32. Nc2 f5 33. b4
axb4 34. Rxb4 Rd5 35. Ne3 Rc5 36. Kd2 Kf6 37. Kd3 Ke7 38. Kd2 f4 39. Nf1 Ra5
40. Rb2 Kd6 41. f3 Rd5+ 42. Kc3 Rc5+ 43. Kd3 Rd5+ 44. Kc3 Rc5+ 45. Kd3 Ra5 46.
Nd2 Ra3+ 47. Ke2 Nd4+ 48. Kf2 b5 49. Ke1 c5 50. Ne4+ Kd5 51. Kd2 h5 52. Nf2 c4
53. Ne4 Rd3+ 54. Kc1 c3 55. Rf2 Re3 56. Rf1 b4 57. Rd1 Re2 58. g3 Rxa2 0-1

[Event "Russian Championship B19 2016"]
[Site "Loo"]
[Date "2016.04.26"]
[Round "7.10"]
[White "Sinyanskiy, Maxim"]
[Black "Ioffe, Ilya"]
[Result "1/2-1/2"]
[WhiteElo "1990"]
[BlackElo "2185"]
[PlyCount "66"]
[EventDate "2016.04.20"]

1. e4 e5 2. Nf3 Nc6 3. d4 exd4 4. Nxd4 Bc5 5. Nb3 Bb6 6. Nc3 d6 7. Qe2 Nf6 8.
Be3 O-O 9. O-O-O Re8 10. f3 Be6 11. Qd2 Bxe3 12. Qxe3 Qe7 13. g4 Rad8 14. g5
Nd7 15. f4 Bxb3 16. axb3 Nc5 17. Bg2 Nb4 18. Qg3 a5 19. Rhe1 c6 20. f5 f6 21.
gxf6 Qxf6 22. Kb1 Qe5 23. Re2 Qxg3 24. hxg3 Kf7 25. Red2 Ke7 26. Na4 Nxa4 27.
bxa4 Na6 28. Rd4 Nc5 29. c3 Nb3 30. R4d3 Nc5 31. Rd4 Nb3 32. R4d3 Nc5 33. Rd4
Nb3 1/2-1/2

[Event "Russian Championship B19 2016"]
[Site "Loo"]
[Date "2016.04.26"]
[Round "7.11"]
[White "Tarasov, Alexandr"]
[Black "Kovalev, Egor"]
[Result "1/2-1/2"]
[WhiteElo "2348"]
[BlackElo "2207"]
[PlyCount "75"]
[EventDate "2016.04.20"]

1. d4 Nf6 2. c4 g6 3. g3 Bg7 4. Bg2 d5 5. cxd5 Nxd5 6. Nf3 Nb6 7. O-O Nc6 8. e3
O-O 9. Nc3 Re8 10. Nh4 e5 11. d5 Na5 12. Rb1 Nac4 13. b3 Nd6 14. e4 Bd7 15. a4
a5 16. Re1 c6 17. Be3 cxd5 18. exd5 Rc8 19. Qd2 e4 20. Ne2 Re5 21. Qxa5 Nxd5
22. Qxd8+ Rxd8 23. Bd4 Ree8 24. Bxg7 Kxg7 25. Rbd1 Bc6 26. Nd4 g5 27. Nhf5+
Nxf5 28. Nxf5+ Kf6 29. Nd4 Nc3 30. Rd2 b5 31. Rc2 Rxd4 32. Rxc3 Bd7 33. axb5
Bxb5 34. Rce3 Bc6 35. f3 exf3 36. Rxe8 Bxe8 37. Bxf3 Bb5 38. Bd1 {
запись неразбор~~ива} 1/2-1/2

[Event "Russian Championship B19 2016"]
[Site "Loo"]
[Date "2016.04.26"]
[Round "7.12"]
[White "Zhuk, Valeriy"]
[Black "Khramov, Andrey"]
[Result "0-1"]
[WhiteElo "2310"]
[BlackElo "2125"]
[PlyCount "84"]
[EventDate "2016.04.20"]

1. d4 d5 2. c4 c6 3. Nf3 Nf6 4. e3 Bg4 5. h3 Bh5 6. g4 Bg6 7. Ne5 e6 8. Bg2
Nbd7 9. Nxg6 hxg6 10. O-O Be7 11. Nc3 g5 12. Re1 Nf8 13. e4 Nxe4 14. Nxe4 dxe4
15. Rxe4 Ng6 16. Be3 O-O 17. d5 cxd5 18. cxd5 e5 19. Qb3 b6 20. Rc1 Nf4 21.
Bxf4 exf4 22. Rc6 Bd6 23. Bf1 Rc8 24. Ba6 Rc7 25. Rec4 Re8 26. Kg2 Ree7 27. Qd3
g6 28. b4 Red7 29. Qd4 Qe7 30. a4 Kh7 31. a5 bxa5 32. bxa5 Qe2 33. Qe4 Qd2 34.
Bc8 Re7 35. Qf3 Qxa5 36. Ra6 Qd2 37. Rxc7 Bxc7 38. Ra3 Re1 39. Rd3 Qb4 40. Bd7
Qb1 41. d6 Rh1 42. Qc6 Qf1+ 0-1

[Event "Russian Championship B19 2016"]
[Site "Loo"]
[Date "2016.04.26"]
[Round "7.13"]
[White "Litvinov, Maxim"]
[Black "Bondarenko, Ivan"]
[Result "1-0"]
[WhiteElo "2413"]
[BlackElo "2194"]
[PlyCount "101"]
[EventDate "2016.04.20"]

1. Nf3 Nf6 2. c4 e6 3. d4 Bb4+ 4. Bd2 Qe7 5. Qc2 Bxd2+ 6. Nbxd2 d6 7. e4 e5 8.
Bd3 O-O 9. O-O c6 10. b4 exd4 11. Nxd4 Na6 12. b5 Nb4 13. Qc3 Nxd3 14. Qxd3 Qc7
15. Rfe1 a6 16. bxc6 bxc6 17. Qg3 c5 18. Ne2 Rb8 19. Nf4 Bb7 20. Qc3 Rfe8 21.
f3 Nd7 22. Nf1 Nf8 23. Ne3 Ne6 24. Nf5 f6 25. Nxe6 Rxe6 26. Rab1 g6 27. Ne3 Bc6
28. Rb3 Rxb3 29. axb3 Kg7 30. g4 Kf7 31. Rd1 Bb7 32. Qd2 Qb8 33. Ng2 Ke7 34.
Nf4 Re5 35. Nd3 Re6 36. Kg2 Qc7 37. h4 Bc6 38. Nf4 Re5 39. h5 g5 40. Ne2 Bb7
41. Ng3 Re6 42. Nf5+ Kd7 43. Qe3 Qc6 44. Rd3 Kc7 45. Kf2 Ba8 46. Qd2 Bb7 47.
Qa5+ Kc8 48. Rxd6 Rxd6 49. Ne7+ Kd7 50. Nxc6 Kxc6 51. Qa4+ 1-0

[Event "Russian Championship B19 2016"]
[Site "Loo"]
[Date "2016.04.26"]
[Round "7.14"]
[White "Kontsevik, Georgy"]
[Black "Gogin, Maksim"]
[Result "0-1"]
[WhiteElo "2163"]
[BlackElo "2324"]
[PlyCount "52"]
[EventDate "2016.04.20"]

1. e4 c5 2. Nf3 e6 3. d4 cxd4 4. Nxd4 a6 5. Nc3 b5 6. a3 Bb7 7. Be2 Qc7 8. f4
d6 9. O-O Nf6 10. Bf3 Nbd7 11. g4 h6 12. Bg2 Be7 13. g5 hxg5 14. fxg5 d5 15.
Bf4 Bd6 16. Bxd6 Qxd6 17. gxf6 Qxh2+ 18. Kf2 dxe4 19. fxg7 Rg8 20. Qg4 Ne5 21.
Qg5 f6 22. Qc1 Ng4+ 23. Ke1 Qg3+ 24. Ke2 Qxg2+ 25. Ke1 Kf7 26. Nde2 Nh2 0-1

[Event "Russian Championship B19 2016"]
[Site "Loo"]
[Date "2016.04.26"]
[Round "7.15"]
[White "Obodenko, Amir"]
[Black "Drygalov, Andrey"]
[Result "1/2-1/2"]
[WhiteElo "2133"]
[BlackElo "2317"]
[PlyCount "127"]
[EventDate "2016.04.20"]

1. Nf3 Nf6 2. d4 g6 3. g3 Bg7 4. Bg2 O-O 5. O-O d5 6. c4 dxc4 7. Qc2 Nc6 8. Rd1
Be6 9. e4 Nb4 10. Qe2 Nd3 11. Nc3 c6 12. a4 Qa5 13. Bg5 h6 14. Bd2 Qh5 15. b3
c5 16. d5 Bg4 17. h3 Bxh3 18. bxc4 Nb4 19. Bxh3 Qxh3 20. Na2 Nxa2 21. Rxa2 Ng4
22. Qf1 Qh5 23. Re1 Bd4 24. Bc1 e6 25. Qg2 exd5 26. Nxd4 cxd4 27. cxd5 Ne5 28.
Ra3 Rac8 29. g4 Qxg4 30. Rg3 Qh4 31. Rh3 Qg4 32. Rg3 Qh4 33. Rh3 Qf6 34. Bxh6
Rfe8 35. Bg5 Qg7 36. Bh6 Qf6 37. Bg5 Qg7 38. f4 Nd7 39. e5 Rc3 40. Rh2 Nxe5 41.
fxe5 Rxe5 42. Rf1 f5 43. d6 Re4 44. Bf6 Qxf6 45. Qxe4 Qxd6 46. Qe8+ Kg7 47.
Qh8+ Kf7 48. Rh7+ Ke6 49. Qg8+ Kf6 50. Rf7+ Kg5 51. R7xf5+ Kg4 52. R5f4+ Qxf4
53. Rxf4+ Kxf4 54. Qb8+ Ke3 55. Qxb7 d3 56. Qxa7+ Ke2 57. Qf2+ Kd1 58. a5 d2
59. a6 Kc1 60. Qf4 Kc2 61. Qa4+ Rb3 62. Qa2+ Kc3 63. Qa1+ Kc2 64. Qa2+ 1/2-1/2

[Event "Russian Championship B19 2016"]
[Site "Loo"]
[Date "2016.04.26"]
[Round "7.16"]
[White "Sizintsev, Alexey"]
[Black "Feoktistov, Nikita"]
[Result "1/2-1/2"]
[WhiteElo "2125"]
[BlackElo "2194"]
[PlyCount "74"]
[EventDate "2016.04.20"]

1. e4 c5 2. Nf3 Nc6 3. d4 cxd4 4. Nxd4 Nf6 5. Nc3 d6 6. Be3 g6 7. f3 Bg7 8. Bc4
O-O 9. Qd2 Bd7 10. Bb3 Rc8 11. O-O-O a6 12. g4 b5 13. h4 h5 14. gxh5 Nxh5 15.
Rhg1 Na5 16. Kb1 Nc4 17. Bxc4 Rxc4 18. Rg5 e6 19. Rdg1 Kh7 20. Qd3 Nf4 21. Bxf4
Rxd4 22. Qe2 b4 23. Nd1 Qf6 24. Bc1 Rc8 25. h5 Be8 26. Ne3 Rc5 27. Rxc5 dxc5
28. Ng4 Qd8 29. hxg6+ fxg6 30. Qh2+ Kg8 31. Nh6+ Bxh6 32. Qxh6 Rd1 33. Rg2 Qf6
34. Rh2 c4 35. Qh7+ Kf8 36. Rd2 Re1 37. Rf2 Rf1 1/2-1/2

[Event "Russian Championship B19 2016"]
[Site "Loo"]
[Date "2016.04.26"]
[Round "7.17"]
[White "Lavrinenko, Aleksandr"]
[Black "Bychkov, Vladimir"]
[Result "0-1"]
[WhiteElo "1969"]
[BlackElo "2176"]
[PlyCount "146"]
[EventDate "2016.04.20"]

1. e4 e6 2. Nf3 d5 3. Nc3 Nf6 4. e5 Nfd7 5. d4 c5 6. dxc5 Nc6 7. Bf4 Bxc5 8.
Bd3 f6 9. exf6 Nxf6 10. O-O O-O 11. Ne5 Bd7 12. Bg3 a6 13. a3 Qe7 14. Qe2 Rae8
15. Rae1 Nxe5 16. Bxe5 Bc6 17. b4 Bb6 18. Bg3 Nd7 19. Qg4 e5 20. a4 Nf6 21. Qh4
e4 22. b5 axb5 23. axb5 Ba5 24. Nxe4 dxe4 25. bxc6 Bxe1 26. Rxe1 bxc6 27. f3
Qc5+ 28. Bf2 e3 29. Qc4+ Qxc4 30. Bxc4+ Kh8 31. Rxe3 Rxe3 32. Bxe3 Rd8 33. Kf2
Nd5 34. Bxd5 Rxd5 35. h4 Kg8 36. Ke2 Kf7 37. c4 Rd7 38. Bc5 Ke6 39. Ke3 Rd1 40.
g4 g6 41. Ke2 Rc1 42. Kd3 Rh1 43. Bf2 Rh2 44. Ke3 Rh1 45. Ke4 Rc1 46. Kd4 h5
47. Be3 Rc2 48. gxh5 gxh5 49. Bg5 Kf5 50. Kc5 Rc3 51. f4 Ke4 52. Bh6 Rc2 53.
Bg5 Kf5 54. Bh6 Re2 55. Bg5 Re6 56. Kd4 Rd6+ 57. Kc5 Rg6 58. Kd4 Re6 59. Kc5
Ke4 60. Kb4 Rd6 61. Kc5 Rg6 62. Kb4 Kd4 63. Be7 Re6 64. Bg5 Rg6 65. Be7 Re6 66.
Bg5 Re1 67. Bf6+ Kd3 68. c5 Re4+ 69. Ka5 Rxf4 70. Bg5 Re4 71. Kb6 Re6 72. Kc7
Kc4 73. Kd7 Kd5 0-1

[Event "Russian Championship B19 2016"]
[Site "Loo"]
[Date "2016.04.26"]
[Round "7.18"]
[White "Ufimtsev, Egor"]
[Black "Zhileykin, Andrey"]
[Result "0-1"]
[WhiteElo "2034"]
[BlackElo "2254"]
[PlyCount "84"]
[EventDate "2016.04.20"]

1. c4 Nf6 2. Nf3 g6 3. Nc3 Bg7 4. g3 O-O 5. Bg2 Nc6 6. O-O d5 7. cxd5 Nxd5 8.
d4 Nb6 9. e3 a5 10. b3 e5 11. dxe5 Nxe5 12. Nxe5 Bxe5 13. Bb2 c6 14. Qe2 Qe7
15. Rad1 a4 16. Nxa4 Nxa4 17. bxa4 Rxa4 18. Bxe5 Qxe5 19. Rb1 Qa5 20. Rb2 Rd8
21. Rd1 Be6 22. Rxd8+ Qxd8 23. h4 h5 24. Rxb7 Rxa2 25. Rb2 Rxb2 26. Qxb2 c5 27.
Be4 c4 28. Qc3 Qc7 29. Kg2 Qd8 30. Kg1 Qd6 31. Kg2 Kh7 32. Kg1 Qd1+ 33. Kg2 Bd5
34. Bxd5 Qxd5+ 35. Kg1 Qd1+ 36. Kg2 Qb3 37. Qf6 c3 38. Qc6 c2 39. Qc7 Kg8 40.
Qd8+ Kg7 41. Qd4+ Kh7 42. Qc5 Qb2 0-1

[Event "Russian Championship B19 2016"]
[Site "Loo"]
[Date "2016.04.26"]
[Round "7.19"]
[White "Petrushev, Nikita"]
[Black "Kruzhilin, Aleksey"]
[Result "1-0"]
[WhiteElo "2024"]
[BlackElo "2161"]
[PlyCount "87"]
[EventDate "2016.04.20"]

1. e4 e5 2. Nf3 Nc6 3. Bb5 a6 4. Ba4 Nf6 5. O-O Be7 6. Re1 b5 7. Bb3 d6 8. c3
O-O 9. h3 Nb8 10. d4 Nbd7 11. c4 Bb7 12. Nc3 c5 13. dxe5 Nxe5 14. Nxe5 dxe5 15.
Qxd8 Bxd8 16. cxb5 axb5 17. Nxb5 Ba5 18. Rd1 Nxe4 19. Be3 Bc6 20. Nd6 Bb6 21.
Rac1 Rad8 22. Nxe4 Bxe4 23. Bxc5 Rxd1+ 24. Bxd1 Rc8 25. Be3 Rxc1 26. Bxc1 Bd5
27. a4 Ba5 28. Be3 Bb4 29. Bb6 Kf8 30. a5 Ke7 31. a6 Kd7 32. a7 f5 33. Bb3 Ba8
34. f3 Kc6 35. Bf2 Bc5 36. Bg8 Bxf2+ 37. Kxf2 Kb6 38. Bxh7 f4 39. Be4 Bxe4 40.
fxe4 Kxa7 41. Ke2 Kb6 42. Kd3 Kc5 43. Kc3 Kb5 44. b4 1-0

[Event "Russian Championship B19 2016"]
[Site "Loo"]
[Date "2016.04.26"]
[Round "7.20"]
[White "Beljskij, Ilja"]
[Black "Karpinskiy, Kirill"]
[Result "1-0"]
[WhiteElo "2110"]
[BlackElo "1984"]
[PlyCount "97"]
[EventDate "2016.04.20"]

1. e4 c6 2. d4 d5 3. Nc3 dxe4 4. Nxe4 Bf5 5. Ng3 Bg6 6. Nf3 Nd7 7. h4 h6 8. h5
Bh7 9. Bd3 Bxd3 10. Qxd3 e6 11. c4 Ngf6 12. Bd2 Qc7 13. O-O-O O-O-O 14. Rh4 Bd6
15. Ne4 Nxe4 16. Qxe4 c5 17. Bc3 Nf6 18. Qe2 cxd4 19. Nxd4 a6 20. Kb1 Qc5 21.
g3 Bc7 22. b4 Qe5 23. Qf3 Qd6 24. Rhh1 Qe5 25. Rde1 Qg5 26. Nb3 Rhe8 27. Nc5
Qf5+ 28. Qxf5 exf5 29. Bxf6 gxf6 30. Kc2 Bb6 31. Nd3 Re4 32. c5 Bc7 33. Kc3
Rde8 34. a4 Be5+ 35. Nxe5 R8xe5 36. Rxe4 fxe4 37. Kd4 Kd7 38. Rh4 Rf5 39. Rf4
Rxh5 40. Rxf6 Rg5 41. Rxf7+ Kc8 42. Kxe4 h5 43. Kf3 a5 44. bxa5 Rxc5 45. Rf8+
Kd7 46. Ra8 Rc4 47. a6 b6 48. a7 Rxa4 49. Rh8 1-0

[Event "Russian Championship B19 2016"]
[Site "Loo"]
[Date "2016.04.26"]
[Round "7.21"]
[White "Sivtsev, Mikhail"]
[Black "Ermachkov, Ilja"]
[Result "1-0"]
[WhiteElo "1946"]
[BlackElo "1730"]
[PlyCount "73"]
[EventDate "2016.04.20"]

1. e4 e5 2. Nf3 Nf6 3. Nc3 Nc6 4. Bb5 Bb4 5. O-O O-O 6. d3 d6 7. Bg5 Bxc3 8.
bxc3 Qe7 9. h3 h6 10. Be3 Nd8 11. Bc4 c6 12. Nh2 d5 13. exd5 cxd5 14. Bb3 Nc6
15. Re1 Qc7 16. c4 d4 17. Bd2 Bf5 18. Qf3 Bg6 19. Bxh6 e4 20. Bf4 exf3 21. Bxc7
fxg2 22. Kxg2 Rfe8 23. Nf3 Nd7 24. Ba4 Nc5 25. Bxc6 bxc6 26. Nxd4 Rxe1 27. Rxe1
Rc8 28. Bg3 a5 29. Re5 Nxd3 30. cxd3 Bxd3 31. Rc5 Be4+ 32. f3 Bb1 33. a3 Ba2
34. Nxc6 Kh8 35. Rh5+ Kg8 36. Ne7+ Kf8 37. Nxc8 1-0

[Event "Russian Championship B19 2016"]
[Site "Loo"]
[Date "2016.04.26"]
[Round "7.22"]
[White "Kappushev, Ahmat"]
[Black "Dinulin, Ilya"]
[Result "1/2-1/2"]
[WhiteElo "1903"]
[BlackElo "1812"]
[PlyCount "114"]
[EventDate "2016.04.20"]

1. e4 c6 2. Nc3 d5 3. Nf3 Bg4 4. h3 Bh5 5. exd5 cxd5 6. g4 Bg6 7. Bb5+ Nc6 8.
Ne5 Rc8 9. d4 a6 10. Bxc6+ bxc6 11. h4 f6 12. Nxg6 hxg6 13. Qd3 Kf7 14. h5 gxh5
15. gxh5 e6 16. Qxa6 Bd6 17. Be3 e5 18. O-O-O Ne7 19. dxe5 fxe5 20. Bg5 Qd7 21.
Bxe7 Bxe7 22. Qd3 Qg4 23. Rdg1 Qf4+ 24. Kb1 Rh6 25. Ne2 Qf6 26. Rg2 e4 27. Qd4
Qxd4 28. Nxd4 Kf6 29. Rhg1 Ke5 30. c3 Bf6 31. f4+ Kxf4 32. Ne6+ Ke5 33. Nxg7
Rg8 34. Rg3 Rxg7 35. Rxg7 Bxg7 36. Rxg7 Rxh5 37. Rg6 c5 38. Rc6 e3 39. Kc2 c4
40. b3 Rh2+ 41. Kd1 Ke4 42. Rd6 cxb3 43. axb3 Rd2+ 44. Kc1 Kf3 45. b4 Ke2 46.
b5 Ke1 47. b6 Rd1+ 48. Kc2 Rd2+ 49. Kc1 Rd1+ 50. Kc2 Rd2+ 51. Kc1 Rf2 52. Rxd5
e2 53. b7 Rf8 54. c4 Kf1 55. Re5 Rb8 56. Rf5+ Kg2 57. Re5 Kf2 1/2-1/2

[Event "Russian Championship G11 1st league 2016"]
[Site "Loo"]
[Date "2016.04.26"]
[Round "7.1"]
[White "Lesnykh, Zhanna"]
[Black "Karpova, Larisa"]
[Result "1-0"]
[WhiteElo "1391"]
[BlackElo "1240"]
[PlyCount "117"]
[EventDate "2016.04.20"]

1. e4 c5 2. Nf3 e6 3. d4 cxd4 4. Nxd4 a6 5. Nc3 Qc7 6. Be3 Bb4 7. Nde2 Nf6 8.
a3 Be7 9. Na4 Nc6 10. Nb6 Rb8 11. Nc3 O-O 12. f4 d6 13. Be2 h6 14. O-O Bd7 15.
Qd2 Bc8 16. Rad1 Re8 17. Nc4 b5 18. Nxd6 Bxd6 19. Qxd6 Qxd6 20. Rxd6 Bb7 21. e5
Nh7 22. Bf3 Rec8 23. Rfd1 b4 24. axb4 Nxb4 25. Bxb7 Rxb7 26. Rd8+ Rxd8 27.
Rxd8+ Nf8 28. Bc5 Nxc2 29. Rxf8+ Kh7 30. Na4 g5 31. Ra8 Nb4 32. Bxb4 Rxb4 33.
Rxa6 Rxf4 34. Nc5 Rb4 35. Ra7 Kg6 36. Nd3 Rb3 37. Ra3 Rb5 38. b4 Kf5 39. Ra5
Rb6 40. Kf2 Ke4 41. Ke2 Kd4 42. Kd2 h5 43. Ra7 h4 44. Rxf7 Ra6 45. Rd7+ Kc4 46.
Ke3 Ra3 47. Rc7+ Kb5 48. Rc5+ Kb6 49. Kd2 Ra2+ 50. Rc2 Ra3 51. Nc5 Kb5 52. Nxe6
Kxb4 53. Nxg5 Ra6 54. e6 Rd6+ 55. Ke3 Rd5 56. Nf7 Rf5 57. e7 Rxf7 58. e8=Q Rb7
59. Qe4+ 1-0

[Event "Russian Championship G11 1st league 2016"]
[Site "Loo"]
[Date "2016.04.26"]
[Round "7.2"]
[White "Nuritdinova, Ilzira"]
[Black "Shestakova, Bogdana"]
[Result "0-1"]
[WhiteElo "1353"]
[BlackElo "1605"]
[PlyCount "110"]
[EventDate "2016.04.20"]

1. e4 d5 2. exd5 Nf6 3. d4 Bg4 4. Nf3 Qxd5 5. Be2 Nc6 6. h3 Bxf3 7. Bxf3 Qd7 8.
O-O O-O-O 9. c3 e5 10. dxe5 Qxd1 11. Rxd1 Rxd1+ 12. Bxd1 Nxe5 13. Be2 Bc5 14.
Bf4 Re8 15. Nd2 Ng6 16. Be3 Bxe3 17. fxe3 Rxe3 18. Bf3 c6 19. Nc4 Rd3 20. Rb1
Kc7 21. Re1 Rd7 22. Re2 Nf4 23. Rc2 Re7 24. Rd2 N4d5 25. Bxd5 Nxd5 26. Rc2 Nb6
27. Nd2 Re2 28. Kf1 Re6 29. Nf3 f6 30. Rd2 Nc4 31. Rf2 c5 32. b3 Nd6 33. c4 a6
34. Rc2 Nf5 35. Kf2 Kc6 36. Rc1 Nd4 37. Nxd4+ cxd4 38. Re1 Rxe1 39. Kxe1 Kc5
40. a3 d3 41. Kd1 Kd4 42. Kd2 g5 43. g3 f5 44. c5 f4 45. c6 bxc6 46. gxf4 gxf4
47. b4 f3 48. b5 axb5 49. a4 bxa4 50. h4 a3 51. h5 a2 52. h6 f2 53. Kd1 f1=Q+
54. Kd2 Qe2+ 55. Kc1 Qc2# 0-1

[Event "Russian Championship G11 1st league 2016"]
[Site "Loo"]
[Date "2016.04.26"]
[Round "7.3"]
[White "Shatkovskaia, Elizaveta"]
[Black "Sosnina, Nadezhda"]
[Result "1/2-1/2"]
[WhiteElo "1140"]
[BlackElo "1555"]
[PlyCount "50"]
[EventDate "2016.04.20"]

1. e4 d5 2. exd5 Nf6 3. d4 Bg4 4. Nf3 Qxd5 5. Be2 Nc6 6. h3 Bxf3 7. Bxf3 Qd7 8.
c3 O-O-O 9. O-O e5 10. Qb3 e4 11. Be2 a6 12. Re1 Bd6 13. Bg5 Rde8 14. Nd2 h6
15. Bxf6 gxf6 16. Bh5 Rhg8 17. Bxf7 Rg7 18. Bxe8 Qxh3 19. Kf1 Qxg2+ 20. Ke2
Qg4+ 21. Kf1 Qg2+ 22. Ke2 Qg4+ 23. Kf1 Qg2+ 24. Ke2 Qg4+ 25. Kf1 Qg2+ 1/2-1/2

[Event "Russian Championship G11 1st league 2016"]
[Site "Loo"]
[Date "2016.04.26"]
[Round "7.4"]
[White "Zaytseva, Dariya"]
[Black "Borodkina, Sofia"]
[Result "1/2-1/2"]
[WhiteElo "1382"]
[BlackElo "1415"]
[PlyCount "118"]
[EventDate "2016.04.20"]

1. d4 c5 2. d5 e5 3. dxe6 fxe6 4. e4 Nf6 5. Nc3 d6 6. Nf3 Nbd7 7. Be2 Be7 8.
O-O O-O 9. Bg5 a6 10. Qd2 b5 11. a3 Bb7 12. Qe3 b4 13. axb4 cxb4 14. Bxf6 Nxf6
15. Na2 a5 16. Bd3 Ng4 17. Qe2 Bf6 18. c3 b3 19. Bc4 d5 20. Bxb3 Qd6 21. Rfd1
Ba6 22. Qd2 h6 23. exd5 Bg5 24. Qe1 e5 25. h3 Nf6 26. Qxe5 Qxe5 27. Nxe5 Bf4
28. Ng6 Rfb8 29. Nxf4 Rxb3 30. d6 Bb5 31. Rd2 Ne4 32. Rd4 Bc6 33. d7 Rd8 34.
Rad1 Rxb2 35. Ne6 Rxd7 36. Rxd7 Bxd7 37. Rxd7 Rxa2 38. Rxg7+ Kh8 39. Rg6 Nxc3
40. f4 Ra1+ 41. Kh2 Rf1 42. Rf6 a4 43. Rf8+ Kh7 44. Ra8 Ra1 45. f5 a3 46. f6
Kg6 47. Nc5 Kxf6 48. Ra5 a2 49. h4 Rb1 50. Ne4+ Nxe4 51. Rxa2 Kf5 52. Ra5+ Kg4
53. Ra6 Nf2 54. Ra4+ Kf5 55. Ra5+ Kg4 56. Ra4+ Kf5 57. Ra5+ Kg4 58. Ra4+ Kf5
59. Ra5+ Kg4 1/2-1/2

[Event "Russian Championship G11 1st league 2016"]
[Site "Loo"]
[Date "2016.04.26"]
[Round "7.5"]
[White "Vidershpan, Viktoriia"]
[Black "Fedoricheva, Ekaterina"]
[Result "0-1"]
[WhiteElo "1204"]
[BlackElo "1387"]
[PlyCount "70"]
[EventDate "2016.04.20"]

1. e4 d6 2. d4 Nf6 3. Nc3 c6 4. Nf3 Nbd7 5. Bd3 g6 6. Bg5 Bg7 7. Qd2 b5 8. Bh6
Bxh6 9. Qxh6 e5 10. Qd2 O-O 11. O-O Qe7 12. Rfe1 Nb6 13. h3 Kg7 14. Rad1 Bb7
15. dxe5 dxe5 16. Qg5 Rfe8 17. Bf1 h6 18. Qe3 Rad8 19. a3 Rd7 20. Rxd7 Nfxd7
21. Rd1 Rd8 22. Qd2 Re8 23. Qd6 f6 24. Qxe7+ Rxe7 25. Bd3 Nc5 26. Kf1 Nxd3 27.
cxd3 Kf7 28. Ke2 Ke6 29. d4 exd4 30. Nxd4+ Kf7 31. f3 Nc4 32. Rb1 a6 33. Kd3
Rd7 34. Kc2 Rxd4 35. Rd1 Ne3+ 0-1

[Event "Russian Championship G11 1st league 2016"]
[Site "Loo"]
[Date "2016.04.26"]
[Round "7.8"]
[White "Abdrashitova, Kamila"]
[Black "Elnikova, Milena"]
[Result "0-1"]
[WhiteElo "1341"]
[BlackElo "1203"]
[PlyCount "148"]
[EventDate "2016.04.20"]

1. g4 e5 2. Bg2 d5 3. d4 exd4 4. Qxd4 c6 5. Nc3 Be7 6. h3 Bf6 7. Qd3 Ne7 8. g5
Bf5 9. e4 Bxc3+ 10. Qxc3 d4 11. Qd3 Be6 12. Nf3 O-O 13. Nxd4 f5 14. Nxe6 Qxd3
15. cxd3 Rc8 16. Bf4 Nd7 17. Nc7 Rab8 18. Bd6 Ng6 19. exf5 Nge5 20. Bxe5 Nxe5
21. d4 Nd3+ 22. Kf1 Rxc7 23. b3 Rf8 24. Be4 Nf4 25. f3 Nd5 26. Ke2 Re7 27. Kd3
Nf4+ 28. Kc4 Rd8 29. Rad1 Red7 30. Rd2 Nd5 31. h4 Ne3+ 32. Kc3 c5 33. d5 Nxd5+
34. Bxd5+ Rxd5 35. Rxd5 Rxd5 36. f6 gxf6 37. gxf6 Kf7 38. Rh2 Kxf6 39. Rd2 Rxd2
40. Kxd2 Kf5 41. Ke3 b5 42. a3 a5 43. h5 Ke5 44. f4+ Kf5 45. h6 a4 46. bxa4
bxa4 47. Kf3 c4 48. Ke3 c3 49. Kd3 Kxf4 50. Kxc3 Kg5 51. Kb4 Kxh6 52. Kxa4 Kg6
53. Kb5 h5 54. a4 h4 55. a5 h3 56. a6 h2 57. a7 h1=Q 58. Kb6 Qa8 59. Ka6 Kf6
60. Kb6 Ke7 61. Ka6 Kd7 62. Kb6 Kc8 63. Ka6 Qb7+ 64. Ka5 Qxa7+ 65. Kb5 Kc7 66.
Kb4 Kc6 67. Kb3 Qc5 68. Kb2 Kb5 69. Kb1 Ka4 70. Ka2 Qc2+ 71. Ka1 Qc3+ 72. Ka2
Qd2+ 73. Ka1 Kb3 74. Kb1 Qb2# 0-1

[Event "Russian Championship G11 1st league 2016"]
[Site "Loo"]
[Date "2016.04.26"]
[Round "7.10"]
[White "Volkorez, Ruslana"]
[Black "Kiryanova, Kristina"]
[Result "1-0"]
[WhiteElo "1228"]
[BlackElo "1100"]
[PlyCount "115"]
[EventDate "2016.04.20"]

1. d4 Nf6 2. c4 g6 3. Nc3 d5 4. Nf3 Bg7 5. Bg5 c6 6. e3 O-O 7. Bd3 h6 8. Bh4
Nbd7 9. O-O Nb6 10. cxd5 cxd5 11. Re1 Re8 12. Rc1 Bd7 13. Ne5 Rc8 14. Bxf6 exf6
15. Nxd7 Nxd7 16. Nxd5 Nb6 17. Rxc8 Nxc8 18. Qb3 Qa5 19. Rc1 Nd6 20. g3 f5 21.
Nf4 g5 22. Nd5 Ne4 23. Bxe4 fxe4 24. Rc7 Rf8 25. Kg2 b6 26. Nc3 b5 27. Rb7 a6
28. Nxe4 Qd8 29. Ra7 Qb8 30. Rd7 Qa8 31. Qd5 Qc8 32. Qb7 Qxb7 33. Rxb7 f5 34.
Nd6 f4 35. Ra7 f3+ 36. Kf1 g4 37. Rxa6 Rb8 38. Nf5 Kh7 39. Ra7 Rg8 40. Rb7 Kh8
41. Nxg7 Rxg7 42. Rxg7 Kxg7 43. Ke1 Kf7 44. Kd2 Ke6 45. Kc3 Kd6 46. Kb4 Kc6 47.
a4 bxa4 48. Kxa4 Kd5 49. Kb5 Kd6 50. b4 Kc7 51. Kc5 Kc8 52. Kc6 Kd8 53. Kb7 Kd7
54. b5 Kd8 55. b6 Kd7 56. Ka7 Kc8 57. b7+ Kc7 58. b8=Q+ 1-0

[Event "Russian Championship G11 1st league 2016"]
[Site "Loo"]
[Date "2016.04.26"]
[Round "7.14"]
[White "Donchenko, Ekaterina"]
[Black "Romanenkova, Ekaterina"]
[Result "1-0"]
[WhiteElo "1421"]
[BlackElo "1216"]
[PlyCount "131"]
[EventDate "2016.04.20"]

1. c4 e5 2. Nc3 Nc6 3. g3 Bc5 4. Bg2 Nf6 5. Nf3 d6 6. O-O Bf5 7. d3 O-O 8. a3
h6 9. Rb1 a5 10. Bd2 Qd7 11. Na4 Bd4 12. Nxd4 Nxd4 13. Nc3 c6 14. Re1 Bh3 15.
Bh1 Qf5 16. Ne4 Ng4 17. f3 Nf6 18. Nxd6 Qd7 19. c5 b6 20. Nc4 bxc5 21. Nb6 Qa7
22. Nxa8 Qxa8 23. Qc1 Nb3 24. Qc3 Nxd2 25. Qxd2 Rb8 26. Qc3 Qa7 27. Qc4 Be6 28.
Qc2 Bb3 29. Qd2 Nd5 30. e3 Ba2 31. Ra1 Bb3 32. Bg2 Ba4 33. Kh1 Rb6 34. Rab1 Bb3
35. e4 Nf6 36. Rec1 Ba2 37. Ra1 Bb3 38. Rxc5 Ra6 39. Rc3 Ba4 40. b3 Bxb3 41.
Rxb3 Qd4 42. Rab1 a4 43. Rb4 Qc5 44. Rb8+ Kh7 45. R8b4 Qa5 46. Qb2 c5 47. Rb5
Qc7 48. Rb6 Rxb6 49. Qxb6 Qd7 50. Bf1 Qd4 51. Qb2 Qd6 52. Rc1 Qd4 53. Qxd4 cxd4
54. Rc4 Nd7 55. Rxa4 Nc5 56. Ra5 Nxd3 57. Bxd3 g6 58. a4 f5 59. exf5 gxf5 60.
Rxe5 Kg7 61. a5 f4 62. gxf4 Kh8 63. Re7 h5 64. a6 h4 65. a7 h3 66. a8=Q# 1-0

[Event "Russian Championship G11 1st league 2016"]
[Site "Loo"]
[Date "2016.04.26"]
[Round "7.15"]
[White "Babkina, Polina"]
[Black "Krasnikova, Regina"]
[Result "0-1"]
[WhiteElo "1200"]
[BlackElo "1371"]
[PlyCount "136"]
[EventDate "2016.04.20"]

1. e4 e5 2. Nf3 Nc6 3. Bc4 Nf6 4. Ng5 d5 5. exd5 Na5 6. Bb5+ c6 7. dxc6 bxc6 8.
Be2 h6 9. Nf3 e4 10. Ne5 Qd5 11. Ng4 Nxg4 12. Bxg4 Ba6 13. Nc3 Qd4 14. Be2 Bc5
15. O-O Bc8 16. Bg4 Ba6 17. d3 exd3 18. Re1+ Be7 19. cxd3 Qd6 20. Ne4 Qxd3 21.
Qxd3 Bxd3 22. Nc5 Rd8 23. Bd2 Nc4 24. Bb4 a5 25. Nb7 axb4 26. Nxd8 Kxd8 27.
Red1 Ne5 28. Be2 Nc4 29. Bxd3 Nxb2 30. Rd2 Nxd3 31. Rxd3+ Kc7 32. Rad1 Rd8 33.
Rxd8 Bxd8 34. Re1 c5 35. Re3 Kc6 36. a3 Ba5 37. Kf1 c4 38. axb4 Bxb4 39. Re8
Kd5 40. Rd8+ Kc5 41. Rc8+ Kd4 42. Rd8+ Kc3 43. Ke2 Kc2 44. Rd4 Kb3 45. Kd1 c3
46. Rxb4+ Kxb4 47. Kc2 Kc4 48. h3 Kd4 49. g4 g5 50. Kc1 Kd3 51. Kd1 f6 52. f3
Ke3 53. Kc2 Kxf3 54. Kxc3 Kg3 55. Kd4 Kxh3 56. Ke3 Kxg4 57. Kf2 f5 58. Kg2 h5
59. Kh2 Kf3 60. Kh3 g4+ 61. Kh2 g3+ 62. Kh1 g2+ 63. Kg1 h4 64. Kh2 h3 65. Kg1
h2+ 66. Kxh2 Kf2 67. Kh3 g1=Q 68. Kh4 Qg4# 0-1